000 00452nam a2200169Ia 4500
005 20250508153734.0
008 008 250505s9999 xx 000 0 eng d
037 _aTextual
040 _aFEDL
_beng
_cFEDL
041 _aeng
_2eng
084 _a371.7, GOV
_qFEDL
100 _aGovindarajulu L K
245 0 _aBuck commemoration volume being a memorial
300 _ax,275p.
942 _cTEXL
_h371.7, GOV
999 _c1345119
_d1345119